All of Sir Alex Ferguson's Signings For Manchester United. - Statistics

General Stats
  • This quiz has been taken 6,802 times
  • The average score is 36 of 107
Answer Stats
Year Player % Correct
2003 Cristiano Ronaldo
92%
2004 Wayne Rooney
87%
2001 Rio Ferdinand
81%
2005 Nemanja Vidic
79%
2012 Robin van Persie
77%
1992 Eric Cantona
75%
1995 Andy Cole
72%
2005 Patrice Evra
72%
2007 Nani
71%
2005 Edwin Van Der Sar
70%
1993 Roy Keane
70%
2011 David De Gea
68%
1998 Dwight Yorke
68%
2006 Michael Carrick
66%
2007 Anderson
65%
1987 Viv Anderson
65%
2001 Ruud van Nistelrooy
64%
2011 Phil Jones
61%
2007 Carlos Tevez
60%
2008 Dimitar Berbatov
60%
1991 Peter Schmeichel
60%
2005 Park Ji-Sung
58%
1997 Teddy Sheringham
58%
1996 Ole Gunnar Solskjaer
57%
1990 Dennis Irwin
54%
2008 Antonio Valencia
53%
2010 Chris Smalling
53%
1998 Jaap Stam
53%
2008 Rafael
53%
1987 Steve Bruce
53%
2001 Juan Veron
52%
1988 Mark Hughes
50%
2008 Fabio
49%
2000 Fabien Barthez
48%
2011 Ashley Young
47%
2008 Michael Owen
47%
1989 Gary Pallister
45%
2010 Javier Hernandez
42%
2012 Shinji Kagawa
41%
2010 Bebe
39%
2007 Owen Hargreaves
39%
1989 Paul Ince
39%
2004 Alan Smith
38%
2004 Louis Saha
37%
1991 Andrei Kanchelskis
34%
1999 Mikael Silvestre
34%
2003 Eric Djemba-Djemba
33%
2001 Diego Forlan
32%
2003 Tim Howard
32%
2003 Kleberson
31%
2001 Laurent Blanc
31%
1996 Ronny Johnsen
30%
2012 Wilfried Zaha
30%
1987 Brain McClair
29%
2012 Alexander Buttner
28%
1994 David May
28%
2008 Paul Pogba
28%
1988 Lee Sharpe
27%
1999 Mark Bosnich
27%
1991 Paul Parker
27%
1997 Henning Berg
26%
1998 Jesper Blomqvist
26%
2011 Anders Lindegaard
23%
2001 Roy Carroll
23%
1996 Jordi Cruyff
22%
1999 Massimo Taibi
22%
2008 Gabriel Obertan
21%
2007 Henrik Larsson
21%
1999 Quinton Fortune
20%
2005 Ben Foster
18%
1996 Karel Poborsky
18%
2012 Nick Powell
18%
2003 David Bellion
16%
1992 Dion Dublin
15%
1988 Jim Leighton
13%
1989 Mike Phelan
13%
2007 Tomasz Kuszczak
13%
1989 Neil Webb
12%
1990 Les Sealey
11%
2004 Liam Miller
10%
2004 Dong
9%
2008 Mame Diouf
9%
1995 William Prunier
9%
2008 Zoran Tosic
9%
2001 Andy Goram
8%
1989 Danny Wallace
8%
1998 Jonathan Greening
7%
2001 Kieran Richardson
7%
2003 Lee Martin
7%
2008 Manucho
7%
1996 Raimond van der Gouw
6%
1988 Ralph Milne
6%
2012 Angelo Henriquez
5%
1997 Erik Nevland
5%
2008 Richie De Laet
5%
2008 Rodrigo Possebon
5%
1988 Mal Donaghy
4%
1995 Nick Culkin
3%
1996 Tony Coton
3%
1999 Bojan Djordjic
2%
1988 Giuliano Maiorana
2%
1994 Graeme Tomlinson
2%
2001 Luke Steele
2%
1992 Pat McGibbon
2%
2001 Ricardo Lopez
2%
2004 Florent N’Galula
1%
1990 Neil Whitworth
1%
No matching quizzes found
Score Distribution
Percent of People with Each Score
Percentile by Number Answered
Your Score History
You have not taken this quiz